000 01472nam a2200313 a 4500
005 20160915125522.0
008 160915s2015 ck ab gr 00010 spa d
020 _a9789585867529
040 _aCO-BoUCM
_bspa
_cEdgar Pinilla
_dEdgar Pinilla
041 0 _aspa
245 0 0 _aLogros, obstáculos y retos de la integración regional
_bV y VI Cátedra de Integración Latinoamericana y Caribeña
_cpor Manuel Camilo González Vides...[y otros] ; prólogo de Francisco Rojas Aravena
260 _aBogotá (Colombia)
_bUniversidad de Ciencias Aplicadas y Ambientales
_bAsociación de Universidades de América Latina y el Caribe para la Integración
_c2015
300 _axxi, 307 páginas
_bilustraciones, mapas
490 0 _aÁgora Latinoamericana
_v1
650 0 4 _aEconomía latinoamericana
_913701
650 0 4 _aDesarrollo económico
_z América Latina
_937016
650 0 4 _aDesarrollo económico
_zRegión Caribe
_980179
650 0 4 _aIntegración regional
_z América Latina
_980180
650 0 4 _aIntegración regional
_zRegión Caribe
_980181
650 0 4 _aEducación
_z América Latina
_930207
690 0 _aEconomía internacional
_97543
700 1 _aGonzález Vides, Manuel Camilo
_980187
700 1 _aMorales Pérez, Isaac
_980188
700 1 _aCardona, Gerardo
_980189
700 1 _aValencia, Jackeline
_980190
700 1 _aRojas Aravena, Francisco
_eprólogo
_931911
942 _2DEWEY
_cLIBRO
_a7
_e1
_h338.98
_mL832
999 _c304626
_d304626